000 01072nam a2200313 a 4500
001 vtls000074300
003 NLI
005 20210601193405.0
008 101125s1969 enk 001 0 eng
020 _cPND 15.00
039 9 _y201011250752
_zVLOAD
040 0 _aNLI
_beng
_cEntertech-2003
_eAACR2
041 0 _aeng
044 _aenk
082 0 4 _a192
100 1 _aMintz, Samuel I. ,
_d1923-
_9175322
245 1 4 _aThe hunting of Leviathan :
_bseventeenth-century reactions to the materialism and moral philosophy of Thomas Hobbes /
_cby Samuel I. Mintz
260 _aCambridge :
_bThe University Press,
_c1969
300 _ax, 189 p. ;
_c22 cm.
504 _aIncludes bibliographical references and index
600 1 0 _aHobbes, Thomas,
_d1588-1679.
_tLeviathan
_9175323
650 0 _aMaterialism
_zEngland
_xHistory
_y17th century
_9175324
650 0 _aEthics
_zEngland
_xHistory
_y17th century
_9175325
887 _a
901 _a393893
_b04.02.1970
902 _aE192 M668
949 _AVIRTUAITEM
_D10000
_X100
_6PUR000393893ENG
942 _2ddc
_cBKS
999 _aVIRTUA00
_c77832
_d77832